Alaska Airlines Destinations - Statistics

General Stats
  • This quiz has been taken 71 times
  • The average score is 76 of 128
Answer Stats
Country Destinaiton % Correct
Canada Vancouver
96%
Canada Toronto
95%
United States Anchorage
93%
United States New York
93%
United States San Diego
93%
United States San Francisco
91%
United States Los Angeles
89%
United States Miami
89%
Costa Rica | United States San Jose
89%
Mexico San Jose del Cabo
89%
United States Seattle
89%
United States Atlanta
88%
United States Las Vegas
88%
United States Portland
88%
United States Boston
86%
United States Orlando
86%
Canada Calgary
84%
United States Chicago
84%
United States Houston
84%
United States Salt Lake City
84%
Mexico Cancun
82%
United States Dallas (Love)
82%
United States Kansas City
82%
United States Dallas/Fort Worth
81%
United States Denver
81%
United States Phoenix
81%
United States Sacramento
81%
United States St. Louis
81%
United States Washington (Dulles)
81%
United States Washington (National)
81%
United States Cleveland
79%
United States Juneau
79%
United States Austin
77%
United States Boise
77%
Canada Edmonton
77%
United States Honolulu
77%
United States Newark
77%
United States Philadelphia
77%
United States San Antonio
77%
United States Tampa
77%
United States Columbus
75%
United States Detroit
75%
United States Nashville
75%
United States Oklahoma City
75%
United States Pittsburgh
75%
United States Cincinnati
74%
United States Fairbanks
74%
United States Indianapolis
74%
United States Minneapolis
74%
United States Spokane
74%
United States Albuquerque
72%
United States El Paso
72%
United States New Orleans
72%
United States Tucson
72%
Belize Belize City
70%
Mexico Guadalajara
68%
United States Milwaukee
68%
United States Reno
68%
United States Baltimore
67%
United States Eugene
67%
United States Oakland
67%
United States Fort Lauderdale
65%
Guatemala Guatemala City
63%
United States Monterey
63%
Mexico Monterrey
63%
United States Omaha
63%
United States Fresno
61%
United States Raleigh
60%
United States Billings
58%
Mexico Puerto Vallarta
58%
United States Bozeman
56%
United States Charleston
56%
United States Helena
54%
United States Ketchikan
54%
Bahamas Nassau
54%
United States Ontario
54%
United States Utqiagvik
54%
United States Kahului
53%
United States Sitka
53%
Canada Victoria
53%
United States Fort Myers
51%
United States Wichita
51%
United States Burbank
49%
United States Missoula
49%
United States Nome
49%
United States Bellingham
46%
Costa Rica Liberia
46%
United States Lihue
46%
United States Medford
46%
United States Orange County
46%
United States Palm Springs
46%
United States Yakima
46%
United States Idaho Falls
44%
United States Santa Barbara
44%
United States Redding
42%
United States Pasco
40%
United States Everett
39%
United States Kona
39%
United States Redmond
37%
United States Jackson Hole
35%
United States Kalispell
35%
United States Wenatchee
35%
United States Great Falls
33%
United States Kodiak
33%
Mexico Mazatlan
32%
United States Walla Walla
32%
United States Pullman
30%
United States San Luis Obispo
30%
Mexico Ixtapa
28%
United States Vail
26%
United States Deadhorse/Prudhoe Bay
25%
United States Dillingham
25%
United States Sun Valley
25%
United States Bethel
23%
United States Kelowna
23%
United States Wrangell
21%
United States Adak
18%
United States King Salmon
18%
Mexico Loreto
18%
Mexico La Paz
16%
United States Yakutat
16%
Mexico Manzanillo
14%
United States Cordova
12%
United States Petersburg
12%
United States Kotzebue
11%
United States Sonoma County
7%
United States Gustavus
5%
No matching quizzes found
Score Distribution
Percent of People with Each Score
Percentile by Number Answered
Your Score History
You have not taken this quiz